| 000 | 01066nam a2200229 i 4500 | ||
|---|---|---|---|
| 001 | 21430 | ||
| 003 | ES-MaACL | ||
| 005 | 20230929062524.0 | ||
| 007 | t| | ||
| 008 | 021125s1861 sp |||| | spa d | ||
| 080 | _a81'23 | ||
| 100 | 1 |
_aAlcalá Galiano, Antonio, _d1789-1865 _919459 |
|
| 245 | 1 | 0 |
_aQue el estudio profundo y detenido de las lenguas extranjeras, lejos de contribuir al deterioro de la propia, sirve para conocerla y manejarla con más acierto : _bdiscurso escrito por el Excmo. Sr. D. Antonio Alcalá Galiano, individuo de número de la Real Academia Española, y leído en la Junta pública celebrada por dicha corporación el día 29 de setiembre de 1861. |
| 260 |
_aMadrid : _b[s.n.], _c1861 ( _fImp. Nacional) |
||
| 300 |
_a28 p. ; _c24 cm. |
||
| 530 | _aDisponible en formato digital. | ||
| 650 | 4 |
_aConciencia lingüística. _9152016 |
|
| 710 | 2 |
_aReal Academia Española _96336 |
|
| 852 |
_aES-MaACL _jT-63-F-3 |
||
| 856 |
_uhttp://bdh-rd.bne.es/viewer.vm?id=0000113997&page=1 _zBiblioteca Digital Hispánica |
||
| 999 |
_c21430 _d21430 |
||